000 00799nam a2200205Ia 4500
999 _c37660
_d37660
001 3632
003 GE_BSU
005 20190603160758.0
008 181216s1980|||| |||||||||||||| ||geo||
040 _cGE_BSU
041 _ageo
080 _a004.051 გ–51
100 _aგიორგობიანი,ა.ზ.
_92002
245 _aგამოთვლითი დანადგარების ეკონომიკა და ორგანიზაცია /
_cა.ზ.გიორგობიანი.
264 _aთბილისი :
_bთსუ,
_c1980.
300 _a194 გვ .:
_c20 სმ.
504 _aბიბლიოგრ.: გვ. 185-190.
653 _aგამოთვლითი ტექნიკის ეკონომიკა
942 _cBK
_2udc